[Event "Rostock GM"]
[Site "Rostock"]
[Date "2002.08.25"]
[Round "1"]
[White "Paehtz, Elisabeth"]
[Black "Tischbierek, Raj"]
[Result "1/2-1/2"]
[WhiteElo "2331"]
[BlackElo "2523"]
[Annotator "Postny,E"]
[PlyCount "92"]
[EventDate "2002.08.25"]
[EventType "tourn"]
[EventRounds "9"]
[EventCountry "GER"]
[EventCategory "8"]
[SourceTitle "CBM 091"]
[Source "ChessBase"]
[SourceDate "2002.11.12"]
[SourceVersion "1"]
[SourceVersionDate "2002.11.12"]
[SourceQuality "1"]

1. e4 e5 2. Nf3 Nc6 3. Nc3 Nf6 4. d4 exd4 5. Nxd4 Bb4 6. Nxc6 bxc6 7. Bd3 d5 8.
exd5 Qe7+ {This continuation is suitable for the players, who wants to avoid
complications and play the endgame position, straight after the opening.} ({
The main line is} 8... cxd5) 9. Qe2 Qxe2+ (9... Nxd5 10. Qxe7+ Kxe7 11. a3 (11.
Bd2 Nxc3 12. a3 Ba5 13. b4 Bxb4 14. axb4 Nd5 $14 {1/2-1/2 Yandemirov,
V-Aleksandrov,A/St Petersburg 1996/CBM 56 ext (56)}) 11... Bxc3+ 12. bxc3 Be6
13. O-O $14 {1/2-1/2 Lautier,J-Karpov,A/Biel 1992/CBM 31 (28)}) 10. Kxe2 cxd5 (
10... Nxd5 {- see commented game Paragua,M-Datu,I/Manila zt 2001/CBM 83/1-0 
(45) [Postny]}) 11. Nb5 (11. Bf4 c6 12. a3 Be7 13. Rhe1 Be6 $11 {1-0 Slobodjan,
R-Ravelo,E/Havana 1994/EXT 97 (68)}) 11... Kd8 {Black has also tried 11...Kd7
and 11...Ba5, but the move in the text seems to be the most flexible.} 12. Bf4
{Inaccuracy.} (12. Rd1 $142 c6 13. Nd4 Kc7 14. c4 (14. Bf4+ Bd6 15. Bxd6+ Kxd6
16. c4 Rb8 17. b3 Re8+ 18. Kf1 Bd7 19. cxd5 cxd5 20. Rac1 Rbc8 $11 {0-1
Pelikian,J-Correa,A/BRA 1995/EXT 2001 (55)}) 14... Bd6 15. h3 Bd7 16. Kf1 c5
17. Nc2 d4 18. b4 cxb4 19. Bb2 Rae8 20. Bxd4 a5 $11 {1/2-1/2 Rodriguez
Cespedes,A-Mikhalchishin,A/Havana 1982/MCD (42)}) 12... Re8+ 13. Kf1 {[%csl
Rh1] Now the white kingside rook is out of play for some time.} Ba5 {Black has
a comfortable position.} 14. c3 $146 (14. c4 Bd7 15. b3 a6 16. Na3 d4 17. Nc2
Bc3 18. Rd1 a5 $15 {0-1 Afek,Y-Ziatdinov,R/Paris 1995/EXT 97 (45)}) (14. Bg5 $5
) 14... Bd7 15. Nd4 Ne4 16. Re1 $6 {The black N on e4 is very annoying, so
white should play 16.f3 to drive it out.} Rb8 17. Nb3 Bb6 18. Re2 (18. Be3 $2
Bxe3 19. Rxe3 Ba4 $17) 18... Bf5 {[%cal Ge4g3]} 19. Bxe4 (19. Bc2 a5 $15) 19...
Rxe4 20. Rxe4 Bxe4 {Black has small, but stable advantage, thanks to the
strong BB. White has to play very accurately.} 21. Ke2 Kd7 22. f3 Bg6 23. Rd1
Re8+ 24. Kd2 a5 25. Nc1 c5 26. Nd3 f6 27. Re1 Rxe1 $6 {The exchange of rooks
makes white's defensive task easier.} ({A move like} 27... Rc8 {trying to
maintain the tension would probably have been better.}) 28. Nxe1 Bb1 $1 {
A useful move creating weaknesses in white's pawn formation.} 29. a3 (29. a4 $2
Ba2 {[%csl Ra4][%cal Ra2b3]}) 29... Kc6 ({Probably more accurate is} 29... a4)
30. Nd3 Kb5 31. Bd6 (31. b3 $5 a4 32. b4) 31... a4 32. Bf8 Kc4 33. Nf4 g5 34.
Ne6 $2 {Wrong route for the knight.} (34. Nh5 f5 35. Nf6 $15) 34... Bf5 35. Ng7
{A very bizarre location for the white light pieces.} Bg6 (35... Bd7 $2 36. Nh5
Bd8 37. Bg7 f5 38. Nf6 $11) 36. Be7 Kb3 37. Ne6 Kxb2 $2 ({The logical move} 
37... c4 {gave good winning chances.} {The game could continue} 38. Nc5+ (38.
Bxf6 Kxb2 39. Be7 Ba5 $19) 38... Bxc5 39. Bxc5 Kxb2 40. Bb4 {At first look
this position seems to be a dead draw, however black has a very instructive
winning plan based on zugzwang, namely:} d4 $1 {This move has to be made now,
otherwise white will prevent it by Kd2-e3.} 41. cxd4 Bf7 {!(.)-+ A beautiful
position demonstrating, that even with equal material, opposite coloured
bishops it is still possible to lose the game! Eventually white will run out
of pawn moves and make a concession: either the "c" pawn "runs" or he will
lose his pawn on a3.}) 38. Nxc5 {Now the position is becoming equal, since
white can defend his pawns without problems.} Be8 39. Nd3+ Kb3 40. Nc5+ Ka2 41.
Nd3 d4 {Black tries to create more space for his bishops, however it's not
enough for winning purposes.} 42. Kc2 Bg6 43. c4 Bc7 44. h3 Be5 45. Bb4 Bc7 46.
Be7 Be5 {Neither side can improve his position.} 1/2-1/2

[Event "EU-Cup 18th"]
[Site "Kallithea"]
[Date "2002.09.28"]
[Round "7.3"]
[White "Bednar, Jaromir"]
[Black "Gustafsson, Jan"]
[Result "1/2-1/2"]
[WhiteElo "2335"]
[BlackElo "2542"]
[Annotator "Postny,E"]
[PlyCount "118"]
[EventDate "2002.09.22"]
[EventType "team-swiss"]
[EventRounds "7"]
[EventCountry "GRE"]
[SourceTitle "CBM 092"]
[Source "ChessBase"]
[SourceDate "2003.02.06"]
[SourceVersion "1"]
[SourceVersionDate "2003.02.06"]
[SourceQuality "1"]
[WhiteTeam "Corpora Lipovec"]
[BlackTeam "Hohenems"]
[WhiteTeamCountry "SVK"]
[BlackTeamCountry "AUT"]

1. e4 e5 2. Nf3 Nc6 3. Nc3 Nf6 4. d4 exd4 5. Nd5 {The Yugoslav gambit is quite
a rare guest in modern practice.} Be7 {Black declines the gambit by this solid
continuation, compared to adventurous 5...Nxe4.} 6. Bf4 d6 7. Nxd4 O-O 8. Nb5
Nxd5 9. exd5 Ne5 10. Be2 {White has also tried 10.Qd2, but it does not make a
difference, the position is equal.} c6 (10... Ng6 11. Bg3 f5 12. f4 Bf6 13. c3
Re8 14. O-O a6 15. Nd4 $6 (15. Na3 $11) 15... Bxd4+ 16. cxd4 Bd7 17. Re1 Qf6
$15 {1/2-1/2 Almasi,I-Bezgodov,A/Balatonbereny 1996/CBM 53 ext (40)}) 11. dxc6
$6 {This exchange helps black to develope the initiative on the queenside.} (
11. Nc3 Qb6 12. Rb1 Bf5 13. O-O Rfe8 14. Be3 Qc7 15. f4 Ng6 16. Bd3 Qd7 17. Bd4
{1/2-1/2 Bednar,J-Dolezal,R/Mlada Boleslav 1992/EXT 97 (17)}) 11... bxc6 12.
Nd4 Qb6 {Black's position is already preferable.} 13. O-O (13. Nb3 a5 $15)
13... Qxb2 14. Bxe5 dxe5 15. Nxc6 Bf6 $15 {Black has a pleasant prospects,
thanks to pair of good bishops. The white knight is awkwardly placed as well.}
16. Bc4 $2 $146 {After this move white is in serious trouble.} (16. Bd3 Be6 17.
Qf3 Qb6 18. Rab1 Qc7 19. Be4 $15 {0-1 Trajkovic,D-Fuchs,R/Dresden 1956/EXT 99 
(33)}) (16. Bf3 Bf5 $2 (16... Be6 $15) 17. Qd5 $2 (17. Ne7+ Bxe7 18. Bxa8 $14
Rxa8 $2 19. Qf3 {[%csl Ra8,Rf5]}) 17... Bxc2 $17 {0-1 Felczer,K-Schlehoefer,R/
Bad Zwesten 2000/EXT 2001 (37)}) 16... Bf5 17. Bb3 Qc3 18. Qd5 a5 $1 {[%csl
Rc6] This move threatens to cramp white's bishop and deprives from the knight
the escaping way as well.} 19. Ba4 Qa3 20. Qb5 Rac8 $2 {This inaccurate move
throws away all of black's advantage.} ({Much stronger was} 20... Rfc8 $1 {
and white is simply losing. The could continue:} 21. Bb3 (21. Nxe5 Rab8 22. Nc4
Rxb5 23. Nxa3 Rb4 $19) 21... Be4 $1 (21... Bd7 $4 {[%tqu "En","Find the best
move for white.","","","b5d3","",10]} 22. Qd3 $1 {[%csl Ra3,Rd7][%cal Gb3f7]})
22. Nxe5 (22. Bxf7+ Kxf7 23. Qc4+ Kf8 24. Qxe4 Qc5 $19) (22. Bd5 Bxd5 23. Qxd5
Qc3 $19 {[%csl Rc6]}) 22... Rc5 23. Bxf7+ Kh8 24. Nc4 {[%tqu "En","Please
enter a move for black.","","","a3h3","This beautiful and amazing move leads
to a winning position for black.",15,"c5b5","",0]} Qh3 $3 {This beautiful and
amazing move leads to a winning position for black.} ({weaker is the immediate
} 24... Rxb5 25. Nxa3 Rg5 26. g3 Bxa1 27. Rxa1 $15) 25. gxh3 (25. f3 Bd4+ 26.
Kh1 Rxb5 27. gxh3 Bxf3+ 28. Rxf3 Bxa1 $19) 25... Rxb5 $19 {[%cal Rf6a1,Rb5g5]})
21. Bb3 Be4 (21... Bd7 $2 22. Qxa5) 22. Nxa5 (22. Qxa5 $2 Qd6 23. Na7 (23. Nb4
Ra8 $19) 23... Ra8 $19) 22... Rb8 (22... Rc5 23. Nc4 {and white is O.K.}) 23.
Qe2 (23. Nc4 $2 Qa8 {[%csl Rb5,Rg2]}) 23... Bxg2 $6 {This move looks very
tempting. Black regains his pawn breaking white's pawn structure near the king
in the process. The resulting position, however, turns out to be in white's
advantage.} (23... Ba8 24. Nc4 Qc5 {with good compensation for the pawn.}) 24.
Kxg2 Qxa5 25. Rad1 {Gustafsson probably incorrectly evaluated this position
before playing 23...Bxg2. White has strong play on the white squares, which
gives him more than sufficient compensation for the unsafe position of white's
K. The black bishop is quite bad as well.} Rb4 ({The idea to transfer the
bishop to better pastures does not work:} 25... Bg5 26. Rd5 Qa8 27. Qxe5) 26.
Rd5 Qc7 27. c4 Rb6 28. Rfd1 Bh4 $5 {Black realizes, that white can easily
strengthen his position and tries change the pattern of the play.} 29. Qxe5 Qc8
30. Qf5 Qb7 31. Qd7 (31. Bc2 $5 Rg6+ 32. Kh1 $16) 31... Rg6+ 32. Kh1 (32. Kh3
$2 Qb8 {[%csl Rh2,Rh3]}) 32... Qb4 33. Rf5 Bf6 34. Qd3 $2 {A passive move.} (
34. Rb5 $1 Qc3 35. Qd3 Qb2 36. Qd2 Qa3 37. c5 {and it does not seems, that
black can create any counterplay.}) 34... Re8 {[%cal Ge8e1]} 35. Qf1 (35. Rf1 {
seems to be more natural, however black has a compensation in this case too.})
35... Qe7 36. Bc2 Rh6 37. Qg2 Qe2 38. Ba4 Rf8 $6 (38... Rd8 39. Rfd5 Rxd5 40.
cxd5 Qxa2 {and the position is about equal.}) 39. Rg1 $6 {Both players were
probably in time-trouble.} (39. Bb3 $14) 39... Rg6 40. Qf3 Qxa2 (40... Qxc4 41.
Bb3 Rxg1+ 42. Kxg1 $11) 41. Bb3 Qd2 42. c5 Re8 43. Rxg6 hxg6 44. Rd5 Qc1+ 45.
Kg2 Rc8 (45... Re1 46. Rd8+ $1 Bxd8 47. Qxf7+ Kh7 48. Qg8+ Kh6 49. Qh8+ Kg5 50.
Qxd8+ {and white is out of danger.}) 46. Qe4 Rxc5 47. Rxc5 Qxc5 48. Qe8+ Kh7
49. Qxf7 {There is no resources left to continue the fight, the rest of the
moves is rather pointless.} Qg5+ 50. Kf1 Kh6 51. Qe8 Qf5 52. Qe6 Qb5+ 53. Bc4
Qh5 54. Kg2 Qg5+ 55. Kf1 Qh4 56. Kg2 Bd4 57. Qh3 {Finally black's queen is
trapped for the exchange.} Bxf2 58. Qxh4+ Bxh4 59. h3 Bd8 1/2-1/2

[Event "GER-ch 75th"]
[Site "Hoeckendorf"]
[Date "2004.02.06"]
[Round "8"]
[White "Mueller, Karsten"]
[Black "Kritz, Leonid"]
[Result "1/2-1/2"]
[WhiteElo "2517"]
[BlackElo "2534"]
[Annotator "Postny,E"]
[PlyCount "75"]
[EventDate "2004.01.30"]
[EventType "swiss"]
[EventRounds "9"]
[EventCountry "GER"]
[SourceTitle "CBM 100"]
[Source "ChessBase"]
[SourceDate "2004.06.01"]
[SourceVersion "1"]
[SourceVersionDate "2004.06.01"]
[SourceQuality "1"]

1. e4 e5 2. Nf3 Nc6 3. Nc3 Nf6 4. d4 exd4 5. Nxd4 Bb4 6. Nxc6 bxc6 7. Bd3 d5 8.
exd5 cxd5 9. O-O O-O 10. Bg5 c6 11. Qf3 Bd6 ({The main alternative is} 11...
Be7 {- Breder,D-Aronian,L/Bundesliga 0203/CBM 94 [Postny,E]}) 12. h3 (12. Ne2 {
- Areshchenko,A-Sokolov,I/Istanbul 2003/CBM 96 [Postny,E]}) (12. Na4 h6 13.
Bxf6 Qxf6 14. Qxf6 gxf6 15. c4 Ba6 16. Rfd1 dxc4 17. Bxc4 Bxh2+ {1/2-1/2
Mueller,K-Pinter,J/Austria 2003/EXT 2004 (17)}) ({Logical continuation is} 12.
Rfe1) 12... Rb8 13. Na4 (13. Rab1 h6 14. Bh4 Rb4 15. Bxf6 Qxf6 16. Qxf6 gxf6
$11 {1/2-1/2 Berg,E-Wedberg,T/Stockholm 2000/CBM 79 [Mikhalevski,V] (52)})
13... Re8 14. Rad1 $146 (14. c3 c5 15. Bc2 Qe7 16. Bf4 Qc7 17. Bxd6 Qxd6 18.
Qg3 Qxg3 19. fxg3 Re2 20. Bd1 Rd2 21. Bf3 Bd7 22. Nxc5 Rbxb2 23. Nxd7 Nxd7 24.
Rfd1 $11 {1/2-1/2 Zayan,O-Gross,D/Cairo 2002/CBM 87 ext (31)}) 14... Be6 15. b3
h6 16. Bf4 ({Again after} 16. Bxf6 Qxf6 17. Qxf6 gxf6 {white achieves equality
at best.}) 16... Bxf4 17. Qxf4 Qe7 {Preparing the c6-c5 advance.} (17... Nh5
18. Qd4 Qg5 19. f4 Qh4 20. Qf2 (20. Nc5 $2 {[%tqu "En","Find the best move.",
"","","e6h3","",10]} Bxh3 $1 $17 21. gxh3 $2 Qg3+ 22. Kh1 Qxh3+ 23. Kg1 Re3 24.
Rd2 Rg3+ 25. Kf2 Re8 26. Re2 Rf3+ $19) 20... Qxf2+ 21. Rxf2 $14 {[%csl Gc5]})
18. Rfe1 (18. Qd4 {not allowing black to push c6-c5 so easily.}) 18... c5 19.
c4 d4 20. Re2 Rbc8 {Defending the Pc5 in order to move the queen out of the
"e" file.} 21. Rde1 Qd7 22. g4 {Trying to put some pressure on the opponent's
kingside, but black's position is solid enough to maintain the balance.} Qc6
23. f3 Bd7 {After the exchange of rooks, the position gets strong drawing
tendencies.} 24. Rxe8+ Rxe8 25. Rxe8+ Bxe8 26. Kf2 Qc8 $1 {[%csl Ra4]} 27. Bf5
Qa6 (27... Bd7 28. Bxd7 Nxd7 29. Qd6 Qe8 30. Nxc5 Qe3+ 31. Kg2 ({Cute mate
could arise after} 31. Kg3 $4 Qg1+ 32. Kh4 (32. Kf4 Qh2+ $19 {[%csl Rd6][%cal
Rh2d6]}) 32... Qe1+ 33. Kh5 Qg3 $3 {The most elegant solution.} 34. Qxg3 Nf6+
35. Kh4 g5#) 31... Ne5 32. Qd5 $11) 28. Qb8 g6 29. Bd7 Nxd7 30. Qxe8+ Nf8 31.
Nxc5 {This leads to a forced draw, but in any case, the position is equal.}
Qxa2+ 32. Kg3 Qa1 33. Kf2 Qa2+ 34. Qe2 Qa3 35. Qe5 Qa2+ 36. Kg3 Qa1 37. Kf2
Qa2+ 38. Kg3 1/2-1/2

[Event "Groningen Harmonie"]
[Site "Groningen"]
[Date "2003.12.24"]
[Round "4"]
[White "Smeets, Jan"]
[Black "Kurnosov, Igor"]
[Result "1/2-1/2"]
[WhiteElo "2511"]
[BlackElo "2527"]
[Annotator "Postny,E"]
[PlyCount "129"]
[EventDate "2003.12.21"]
[EventType "tourn"]
[EventRounds "9"]
[EventCountry "NED"]
[EventCategory "10"]
[SourceTitle "CBM 099"]
[Source "ChessBase"]
[SourceDate "2004.03.30"]
[SourceVersion "1"]
[SourceVersionDate "2004.03.30"]
[SourceQuality "1"]

1. e4 e5 2. Nf3 Nc6 3. d4 exd4 4. Nxd4 Nf6 5. Nc3 Bb4 6. Nxc6 bxc6 7. Bd3 d5 8.
exd5 cxd5 9. Qe2+ {This line is not ambitious. White is ready to exchange
queens at the early stage of the game.} ({The main line goes with} 9. O-O O-O
10. Bg5) 9... Qe7 ({Possible alternative is} 9... Be7 {- see the commented
game Antoniou,A-Zelcic,R/Leon 2001/CBM 86 [Postny,E] (49)}) 10. Qxe7+ Kxe7 11.
Bd2 (11. O-O Be6 (11... c6 12. Na4 Re8 13. Be3 Kf8 14. c4 Ba6 15. Rac1 Ng4 16.
Bc5+ Bxc5 17. Nxc5 Ne5 18. Nxa6 Nxd3 19. Rc3 Nf4 20. Rf3 Ne6 $11 {1/2-1/2
Hector,J-Stefansson,H/Copenhagen 1994/EXT 99 (26)}) 12. Nb5 Kd7 13. a3 Be7 14.
Nd4 c6 15. Bf4 Bd6 16. Bxd6 Kxd6 17. b4 g6 18. Nb3 Nd7 19. Rad1 Kc7 20. Rfe1
Rhe8 21. Re3 f6 $11 {1/2-1/2 Rodriguez Vargas,O-Hort,V/Surakarta 1982/MCD (30)}
) 11... c6 12. Na4 {In most of the preceding games white played the obvious
long castle. For instanse:} (12. O-O-O Be6 13. Rhe1 Rhe8 14. h3 Kf8 15. Na4 Bd6
16. Be3 Nh5 (16... Nd7 17. Ba6 Rab8 18. c4 Bb4 19. Re2 dxc4 20. a3 Be7 21. Bf4
Bd5 22. Rc2 Rb3 23. Bxc4 $14 {1/2-1/2 Rublevsky,S-Magomedov,M/Kurgan 1993/CBM
38 ext (52)}) 17. Bc5 Ke7 18. g3 Kd7 19. Bf1 Bxc5 20. Nxc5+ Kd6 21. Ne4+ Kc7
22. Nc5 Nf6 $11 {0-1 Reyhan,D-Pedersen,N/Istanbul 2003/CBM 96 (48)}) 12...
Bxd2+ 13. Kxd2 Kd6 14. c4 $146 (14. b4 Rb8 15. a3 Rb7 16. Rhe1 Re7 17. Rxe7
Kxe7 18. Kc3 Kd6 19. Kd4 Re8 20. f3 Nd7 21. f4 g6 22. c4 $14 {1/2-1/2 Lima,
D-Van Riemsdijk,H/Americana 1996/EXT 98 (41)}) 14... Be6 15. cxd5 cxd5 {
Black has now a passed pawn in the centre, but it can become either strong or
weak.} 16. Nc3 $6 {After this move white is on the defensive.} ({More to the
point was} 16. Rhc1 Ng4 17. f3 Ne5 18. Nc5 {though, the position is equal here
as well.}) 16... Bd7 {Covering the b5 square.} 17. f3 {Covering the g4 and e4
squares against black's possible knight jump.} Rhb8 18. Rab1 a5 19. b3 Rb6 20.
Rhc1 Rab8 21. Ne2 {[%cal Ge2d4]} Rb4 22. Rc2 h5 {Black is trying to get more
space all over the board. Still, the position remains balanced.} (22... a4 23.
Rcb2 {is similar to the game.}) 23. Rcb2 a4 24. Kc1 Rc8+ {Black can not take
advantage of his seemingly active position.} (24... a3 $6 25. Rc2 d4 26. Bc4
Bf5 27. Nxd4 Bxc2 28. Nxc2 R4b7 29. Nxa3 $14) ({The exchange of rooks after} 
24... axb3 $6 25. Rxb3 {is in white's favour.}) (24... Bb5 $5 25. Bxb5 R8xb5
26. bxa4 Rc5+ 27. Kd2 Rxa4 $11) 25. Rc2 Ra8 $6 (25... Rxc2+ 26. Kxc2 d4 27. a3
Rxb3 28. Rxb3 axb3+ 29. Kxb3 Kc5 $11) 26. bxa4 Rbxa4 27. Rb6+ Ke7 28. Nc3 Ra3
29. Rb4 {White managed to activize his pieces and has slightly preferable
chances. The passed "a" pawn may become dangerous.} Be6 30. Kb2 Nd7 31. Rd2 Ne5
32. Bb5 (32. f4 Nc4+ 33. Bxc4 dxc4 $11) 32... Nc4+ 33. Bxc4 dxc4 34. Rd4 R3a5
35. a4 g5 ({Possible was the immediate} 35... Re5) 36. Ka3 ({A bit stronger was
} 36. f4 $14) 36... Re5 37. Re4 Kf6 38. Rb5 Rxb5 39. Nxb5 Bd7 (39... Rd8 $6 40.
a5 Rd3+ 41. Kb4 Rb3+ 42. Kc5 c3 43. Nd4 {seems to be in white's favour.}) 40.
Nc3 Be6 41. Kb4 g4 42. fxg4 hxg4 43. g3 Rb8+ 44. Nb5 Ke7 45. Rd4 (45. a5 c3 46.
a6 c2 47. Re1 Ra8 48. Ka5 Kd7 49. Rc1 Bf5 {and black is at least not worse.})
45... Ra8 46. Rd2 (46. a5 Rb8 47. a6 Bd7 48. Rd5 c3 49. a7 Ra8 50. Kxc3 Bxb5
51. Rxb5 Rxa7 $11) 46... Bd7 47. Rc2 Be6 48. Nc7 Rb8+ 49. Kc5 $5 {Interesting
try for a win, but insufficient.} Rc8 50. Kc6 (50. Kb6 $6 Kd6 51. Rd2+ Ke5 {
[%csl Gc4,Ge5] is dangerous for white.}) 50... Bd7+ 51. Kb7 Bxa4 52. Rxc4 Bd7
53. Rd4 Rd8 54. Nd5+ Ke8 (54... Ke6 55. Nf4+ Ke5 56. Kc7 Kxd4 57. Kxd8 $14) 55.
Kc7 (55. Re4+ Kf8 56. Kc7 Bf5 57. Re5 Rc8+ 58. Kb7 Be6 $11) 55... Rc8+ 56. Kd6
Rc6+ 57. Ke5 Kf8 $6 ({More precise was} 57... Re6+ 58. Kf4 Rh6 $11) 58. Nf6 $6
(58. Ne3 $1 Re6+ 59. Kf4 Rf6+ 60. Kg5 Rg6+ 61. Kh5 $14) 58... Re6+ 59. Kf5 Bc8
60. Kg5 Re5+ 61. Kh4 Kg7 62. Nxg4 {White has won a pawn, but it's not enough
to win the game, since there is very few material left on the board.} Re2 63.
h3 $2 {Quite a glaring blunder.} (63. Rf4 $14) 63... f5 {[%csl Rg4] The knight
is trapped.} 64. Rd6 fxg4 65. hxg4 {It's strange, that black did not continue
to play. The practice shows, that in positions rook + bishop vs rook, the
defensive task is quite hard and many such endgames ended with a win...}
1/2-1/2